[Event "Charlotte Spring IMC 2024"]
[Site "Charlotte"]
[Date "2024.03.31"]
[Round "8"]
[White "Wu, Sibo"]
[Black "Posthuma, Joshua G"]
[Result "0-1"]
[WhiteElo "2142"]
[BlackElo "2449"]
[PlyCount "194"]
[EventDate "2024.03.27"]
[EventType "tourn"]
[EventRounds "9"]
[EventCountry "USA"]
[SourceTitle "CB14_2024"]
[SourceDate "2024.04.01"]
[SourceVersion "1"]
[SourceVersionDate "2024.04.01"]
[SourceQuality "1"]

1. d4 g6 2. Bf4 Bg7 3. Nc3 c5 4. e3 Nf6 5. Nf3 0-0 6. a4 d6 7. h3 Qa5 8. Qd2 cxd4 9. exd4 Nc6 10. Nb5 Qxd2+ 11. Bxd2 Bf5 12. Rc1 Rac8 13. Be2 a6 14. Na3 Nd5 15. c3 Nb6 16. Bd1 Be4 17. 0-0 Bxf3 18. gxf3 d5 19. b3 e6 20. Be2 Rfd8 21. Nc2 h5 22. Ne1 Nd7 23. Nd3 Ne7 24. b4 Nf5 25. b5 axb5 26. axb5 Nd6 27. Rb1 Nc4 28. Bf4 Ra8 29. Ra1 Rdc8 30. Rxa8 Rxa8 31. Nc5 Nxc5 32. dxc5 Be5 33. Bxe5 Nxe5 34. f4 Nd7 35. c6 bxc6 36. bxc6 Nc5 37. c4 dxc4 38. Rc1 Rc8 39. Bf3 Nb3 40. Rxc4 Nd2 41. Rc3 Nxf3+ 42. Rxf3 Rxc6 43. Kg2 Kg7 44. Kg3 Kf6 45. Rb3 Rc5 46. Ra3 Kf5 47. Rb3 Rd5 48. Re3 Rc5 49. Ra3 Rc4 50. Ra5+ Ke4 51. Re5+ Kd4 52. Ra5 Rc3+ 53. Kg2 Ke4 54. Ra4+ Kf5 55. Rb4 Ra3 56. Rc4 Rb3 57. Ra4 Rd3 58. Rb4 Kf6 59. Rb5 Rd5 60. Rb4 Ra5 61. Kg3 Kf5 62. Rc4 h4+ 63. Kg2 Ra3 64. Rb4 Rd3 65. Ra4 Kf6 66. Ra5 Rd5 67. Ra4 Rf5 68. Rb4 Ke7 69. Rd4 Rd5 70. Ra4 f5 71. Ra7+ Rd7 72. Ra6 Kf6 73. Ra8 Rd4 74. Kf3 Rd3+ 75. Kg2 g5 76. fxg5+ Kxg5 77. Rg8+ Kf6 78. Rh8 Rd4 79. Ra8 e5 80. Rf8+ Kg6 81. Re8 e4 82. Ra8 Rd2 83. Ra3 Kf6 84. Rb3 f4 85. Kg1 Ke5 86. Rb4 Rd3 87. Kg2 f3+ 88. Kg1 Rd1+ 89. Kh2 e3 90. Rb5+ Rd5 91. Rb3 e2 92. Re3+ Kf4 93. Re8 Re5 94. Rf8+ Ke4 95. Rf7 e1Q 96. Rf4+ Kd3 97. Rd4+ Ke2 0-1

[Event "Titled Tuesday intern op 05th Sep Late"]
[Site "Chess.com INT"]
[Date "2023.09.05"]
[Round "4"]
[White "Marcziter, Dmitrii"]
[Black "Wu, Sibo"]
[Result "1-0"]
[WhiteElo "2236"]
[BlackElo "2082"]
[PlyCount "67"]
[EventDate "2023.09.05"]
[EventType "swiss (blitz)"]
[EventRounds "11"]
[EventCountry "USA"]
[SourceTitle "EXT 2024"]
[Source "ChessBase"]
[SourceDate "2023.10.10"]
[SourceVersion "1"]
[SourceVersionDate "2023.10.10"]
[SourceQuality "1"]

1. d4 d5 2. c4 c6 3. Nf3 Nf6 4. Nc3 e6 5. Bg5 Nbd7 6. cxd5 exd5 7. e3 h6 8. Bh4 g5 9. Bg3 Nh5 10. Be5 f6 11. Bg3 Nxg3 12. hxg3 Bg7 13. Bd3 Nf8 14. Qc2 Kf7 15. 0-0-0 a5 16. e4 b5 17. exd5 cxd5 18. Bxb5 Be6 19. Kb1 Qb6 20. Rhe1 a4 21. Bxa4 Ng6 22. Bb3 Rhd8 23. Re3 Ne7 24. Qe2 Bf5+ 25. Bc2 Bxc2+ 26. Qxc2 Nc6 27. Qf5 Nb4 28. Rde1 Ra7 29. Re6 Qa5 30. a3 Rb8 31. Ne5+ Kg8 32. Nd7 Rxd7 33. Re8+ Rxe8 34. Rxe8+ 1-0

[Event "Titled Tuesday intern op 28th Mar Late"]
[Site "Chess.com INT"]
[Date "2023.03.28"]
[Round "11"]
[White "Skvortsov, Andrei"]
[Black "Wu, Sibo"]
[Result "1-0"]
[WhiteElo "2298"]
[BlackElo "2082"]
[PlyCount "99"]
[EventDate "2023.03.28"]
[EventType "swiss (blitz)"]
[EventRounds "11"]
[EventCountry "USA"]
[SourceTitle "EXT 2024"]
[Source "ChessBase"]
[SourceDate "2023.10.10"]
[SourceVersion "1"]
[SourceVersionDate "2023.10.10"]
[SourceQuality "1"]

1. g3 d5 2. Bg2 Nf6 3. c4 c6 4. cxd5 cxd5 5. Nf3 Nc6 6. d4 h5 7. 0-0 Bf5 8. Nc3 e6 9. Bg5 Be7 10. h4 Ne4 11. Nxe4 dxe4 12. Bxe7 Kxe7 13. Ng5 Qxd4 14. Nxe4 Bxe4 15. Qxd4 Nxd4 16. Bxe4 Nxe2+ 17. Kg2 f5 18. Rfe1 Nd4 19. Rad1 Rhd8 20. Bd3 Rac8 21. Re3 Kf6 22. Rde1 a6 23. Bb1 b5 24. Ra3 Rc6 25. Rd1 e5 26. Bd3 Rdc8 27. Rd2 e4 28. Bxe4 fxe4 29. Rxd4 Kf5 30. Rd5+ Kf6 31. Rxh5 Rd8 32. Rg5 Rd2 33. Rg4 Re6 34. Rf4+ Ke7 35. Re3 Rxb2 36. Rfxe4 Rxe4 37. Rxe4+ Kf6 38. a3 Rb3 39. a4 b4 40. Rf4+ Kg6 41. Rc4 Rb1 42. Rc6+ Kf5 43. Rxa6 b3 44. f3 Rc1 45. Rb6 Rc2+ 46. Kh3 b2 47. a5 g5 48. hxg5 Kxg5 49. a6 Rd2 50. a7 1-0

[Event "Titled Tuesday intern op 28th Mar Late"]
[Site "Chess.com INT"]
[Date "2023.03.28"]
[Round "6"]
[White "Wu, Sibo"]
[Black "Khandelwal, Ankush"]
[Result "0-1"]
[WhiteElo "2082"]
[BlackElo "2255"]
[PlyCount "43"]
[EventDate "2023.03.28"]
[EventType "swiss (blitz)"]
[EventRounds "11"]
[EventCountry "USA"]
[SourceTitle "EXT 2024"]
[Source "ChessBase"]
[SourceDate "2023.10.10"]
[SourceVersion "1"]
[SourceVersionDate "2023.10.10"]
[SourceQuality "1"]

1. d4 Nf6 2. Bf4 g6 3. Nc3 d5 4. e3 Bg7 5. h4 c6 6. Bd3 b5 7. Nf3 b4 8. Ne2 Nbd7 9. Ne5 Nxe5 10. Bxe5 a5 11. Ng3 h5 12. Qe2 Qb6 13. e4 Ba6 14. 0-0 0-0 15. f4 dxe4 16. Nxe4 Nxe4 17. Bxg7 Ng3 18. Qxe7 Kxg7 19. Qe5+ f6 20. Qe7+ Rf7 21. Qe3 Bxd3 22. Qxd3 0-1

[Event "Titled Tuesday intern op 28th Mar Late"]
[Site "Chess.com INT"]
[Date "2023.03.28"]
[Round "7"]
[White "Wu, Sibo"]
[Black "Kozin, Yuri"]
[Result "1-0"]
[WhiteElo "2082"]
[BlackElo "2251"]
[PlyCount "81"]
[EventDate "2023.03.28"]
[EventType "swiss (blitz)"]
[EventRounds "11"]
[EventCountry "USA"]
[SourceTitle "EXT 2024"]
[Source "ChessBase"]
[SourceDate "2023.10.10"]
[SourceVersion "1"]
[SourceVersionDate "2023.10.10"]
[SourceQuality "1"]

1. d4 d5 2. Bf4 Nf6 3. e3 e6 4. Nf3 Bd6 5. Bg3 0-0 6. Nbd2 b6 7. c3 c5 8. Bd3 Ba6 9. Bxa6 Nxa6 10. Ne5 Nb8 11. 0-0 Qc7 12. f4 Nc6 13. Qf3 Nd7 14. Nxc6 Qxc6 15. e4 cxd4 16. cxd4 Bb4 17. Rac1 Qb5 18. Nb3 dxe4 19. Qxe4 Nf6 20. Qf3 Qf5 21. a3 Bd6 22. Nd2 Rad8 23. Bh4 Be7 24. Rc7 Rxd4 25. Rxe7 Rxd2 26. Qc3 Rc2 27. Qd4 Nd5 28. Rxa7 Qg4 29. Bg3 h5 30. Rf2 Rc1+ 31. Rf1 Rxf1+ 32. Kxf1 h4 33. Bf2 Nxf4 34. g3 Qe2+ 35. Kg1 Nh3+ 36. Kg2 Nxf2 37. Qxf2 h3+ 38. Kg1 Qe4 39. Rd7 Rc8 40. Qxf7+ Kh8 41. Qxg7# 1-0

[Event "Titled Tuesday intern op 28th Mar Late"]
[Site "Chess.com INT"]
[Date "2023.03.28"]
[Round "2"]
[White "Wu, Sibo"]
[Black "Papayan, Oleg"]
[Result "1-0"]
[WhiteElo "2082"]
[BlackElo "2253"]
[PlyCount "147"]
[EventDate "2023.03.28"]
[EventType "swiss (blitz)"]
[EventRounds "11"]
[EventCountry "USA"]
[SourceTitle "EXT 2024"]
[Source "ChessBase"]
[SourceDate "2023.10.10"]
[SourceVersion "1"]
[SourceVersionDate "2023.10.10"]
[SourceQuality "1"]

1. d4 Nf6 2. Bf4 d5 3. e3 c5 4. Nf3 Nc6 5. Nbd2 Qb6 6. dxc5 Qxb2 7. Rb1 Qxa2 8. Bb5 Bd7 9. 0-0 e6 10. Nb3 Ne4 11. Ra1 Qb2 12. Bxc6 Bxc6 13. Be5 Nc3 14. Qd2 Ne4 15. Qd1 Nc3 16. Qd3 Bb5 17. Qxb5+ Nxb5 18. Bxb2 Rc8 19. Nfd4 Nxd4 20. Bxd4 a6 21. f4 f6 22. Rfe1 Kd7 23. e4 dxe4 24. Rxe4 Be7 25. Rd1 Ke8 26. Rxe6 Kf7 27. Rde1 Rc7 28. f5 Rd8 29. c3 Rd5 30. g4 h5 31. h3 hxg4 32. hxg4 Rd8 33. Rb6 Rh8 34. Re4 Rh3 35. Kg2 Rd3 36. Na5 Bxc5 37. Bxc5 Rxc5 38. Rxb7+ Kg8 39. Nb3 Rcxc3 40. Nd4 Rd2+ 41. Ne2 Rcc2 42. Kf3 a5 43. Ree7 Kf8 44. Rf7+ Ke8 45. Rbe7+ Kd8 46. Rxg7 a4 47. Ra7 Rxe2 48. Rg8+ Re8 49. Ra8+ Kd7 50. Rgxe8 Rc3+ 51. Re3 Rc4 52. Re4 Rc3+ 53. Re3 Rc4 54. Ra3 Kd6 55. R8xa4 Rc1 56. Ra6+ Ke7 57. Re3+ Kf7 58. Ra7+ Kf8 59. Rd3 Rc8 60. Rad7 Ke8 61. Rh7 Rc1 62. Ra3 Rf1+ 63. Kg2 Rd1 64. Ra8+ Rd8 65. Rh8+ Ke7 66. Raxd8 Kf7 67. Rdf8+ Kg7 68. Rhg8+ Kh6 69. Rxf6+ Kh7 70. Rgg6 Kh8 71. Ra6 Kh7 72. Rge6 Kh8 73. Re7 Kg8 74. Ra8# 1-0

[Event "Titled Tuesday intern op 14th Feb Early"]
[Site "Chess.com INT"]
[Date "2023.02.14"]
[Round "5"]
[White "Principe, Gerson"]
[Black "Wu, Sibo"]
[Result "1-0"]
[WhiteElo "2226"]
[BlackElo "2082"]
[PlyCount "69"]
[EventDate "2023.02.14"]
[EventType "swiss (blitz)"]
[EventRounds "11"]
[EventCountry "USA"]
[SourceTitle "CBM 212 Extra"]
[Source "ChessBase"]
[SourceDate "2023.03.31"]
[SourceVersion "1"]
[SourceVersionDate "2023.03.31"]
[SourceQuality "1"]

1. d4 d5 2. Nf3 Nf6 3. c4 c6 4. e3 a6 5. Bd3 b5 6. b3 Bg4 7. 0-0 Nbd7 8. Nc3 e5 9. Be2 Bxf3 10. Bxf3 e4 11. Be2 Bd6 12. f3 Qc7 13. f4 h5 14. Bd2 g5 15. c5 Be7 16. fxg5 Ng4 17. Bxg4 hxg4 18. g3 Bxg5 19. Qxg4 Rg8 20. Qe2 Rg7 21. b4 Ke7 22. a4 Rh8 23. Rf5 Bh4 24. Be1 Nf6 25. Re5+ Kd7 26. axb5 axb5 27. Nxb5 Qb8 28. Ra7+ Kd8 29. Ra5 cxb5 30. Rxb5 Qc7 31. Ra5 Kd7 32. Qb5+ Kd8 33. Ra8+ Qc8 34. Rxc8+ Kxc8 35. Qc6+ 1-0

[Event "Titled Tuesday intern op 29th Mar Early"]
[Site "Chess.com INT"]
[Date "2022.03.29"]
[Round "1"]
[White "Taboas Rodriguez, Daniel"]
[Black "Wu, Sibo"]
[Result "1-0"]
[WhiteElo "2355"]
[BlackElo "2091"]
[PlyCount "82"]
[EventDate "2022.03.29"]
[EventType "swiss (blitz)"]
[EventRounds "11"]
[EventCountry "USA"]
[SourceTitle "CBM 207 Extra"]
[Source "ChessBase"]
[SourceDate "2022.05.31"]
[SourceVersion "1"]
[SourceVersionDate "2022.05.31"]
[SourceQuality "1"]

1. d4 d5 2. Nf3 Nf6 3. c4 c6 4. cxd5 cxd5 5. Nc3 a6 6. Bf4 Nc6 7. Rc1 Bg4 8. Ne5 e6 9. Qa4 Rc8 10. e3 Qb6 11. Nxc6 Qxc6 12. Qxc6+ Rxc6 13. f3 Bf5 14. g4 Bg6 15. Kd2 Be7 16. h4 h5 17. g5 Nd7 18. Be2 0-0 19. Na4 Rfc8 20. Rxc6 Rxc6 21. Rc1 Bb4+ 22. Kd1 Rxc1+ 23. Kxc1 Be1 24. Nc5 Nxc5 25. dxc5 Bxh4 26. Kd2 f6 27. gxf6 Bxf6 28. b4 e5 29. Bh2 Bf5 30. Bd1 Bd7 31. Bb3 Bc6 32. e4 Kf8 33. exd5 Bd7 34. Ke3 g5 35. Bc4 Bf5 36. d6 g4 37. fxg4 hxg4 38. Bd5 Bg5+ 39. Ke2 Bf4 40. Bxf4 exf4 41. Bxb7 Ke8 1-0